000 00395nam a2200169Ia 4500
001 16999
003 IN-NITTTR
005 20251114233201.0
008 251113s9999||||xx |||||||||||||| ||eng||
040 _beng
040 _cIN-NITTTR
041 _aeng
082 _a006.33 H252K
100 _aHart, Anna
245 0 _aKnowledge acquisition for expert systems /
_cHart, Anna
942 _2ddc
_cBK
999 _c19633
_d19633